Λεξικό φιλοσοφικών όρων

Αποθηκεύτηκε σε:
Λεπτομέρειες βιβλιογραφικής εγγραφής
Κύριος συγγραφέας: Ντόκας, Αγησίλαος Σπ
Μορφή: Βιβλίο
Γλώσσα:Greek
Δημοσίευση: Αθήναι : Αστήρ, 1987
Έκδοση:2η έκδ.
Θέματα:
Ετικέτες: Προσθήκη ετικέτας
Δεν υπάρχουν, Καταχωρήστε ετικέτα πρώτοι!

MARC

LEADER 00000cam a2200000 i 4500
001 1/20064
008 051128s1987 gre d
035 |l 10081518 
040 |a GR-MY-UA  |b gre  |e aacr 
041 0 |a gre 
082 0 |a Π 103 
100 1 |a Ντόκας, Αγησίλαος Σπ. 
245 1 0 |a Λεξικό φιλοσοφικών όρων /  |c Αγησιλάου ΣΠ. Ντόκα 
250 |a 2η έκδ. 
260 |a Αθήναι :   |b Αστήρ,   |c 1987 
300 |a 196 σ. 
650 0 0 |a Philosophy  |v Dictionaries. 
650 0 0 |a Philosophy  |x Terminology. 
852 |a INST  |b RHODES  |c KRI  |e 20051128  |h  103 ΝΤΟ  |p 005400021906  |q 005400021906  |t REF  |y 23 
909 |a Ρ  |b 122707 
970 |a ΚΟΖΑ  |b ΜΑΡΙΑ  |z 2005/11/28